| 000 | 00425nam a22001457a 4500 | ||
|---|---|---|---|
| 005 | 20161027112742.0 | ||
| 008 | 161027b xxu||||| |||| 00| 0 eng d | ||
| 050 | _aPT2617.E382G4 | ||
| 100 |
_aHeinrich, Willi _927044 |
||
| 245 |
_aThe willing flesh _cby Heinrich, Willi |
||
| 260 |
_aLondon _bCorgi Books _c1957 |
||
| 300 |
_a285p.; _c18cm. |
||
| 650 |
_aWorld war _y1936-1945 _xFiction _927045 |
||
| 942 |
_2lcc _cMONOGRAPH |
||
| 999 |
_c125592 _d125592 |
||